000 00775cab a2200241 4500
001 WB3302-07
008 090401t1997 xxu||||| |||| 00| 0 eng d
035 _a(Sirsi) u19372
041 _aeng
245 _aNew index
260 _c1997
350 _a0
490 _aEstates Gazette
_v(9701) 11 January 1997, 40(1)
520 _aFrom March 1997, IPD`s annual index will be brought into line with gilt and equity measurements to allow performance comparison across asset classes.
650 _aASSET CLASSES
650 _aIPD UK ANNUAL INDEX
650 _aPROPERTY ASSETS
650 _aPROPERTY INDICES
650 _aPROPERTY INVESTMENT
690 _aPROPERTY-COMMERCIAL PROPERTY-COMMERCIAL PROPERTY FINANCE AND INVESTMENT
942 _n0
948 _c04/03/1997
999 _c12927
_d12927